Проблема социологического сопровождения подготовки кадров для ядерной отрасли; Ядерная энергетика: технология, безопасность, экология, экономика, управление

Dades bibliogràfiques
Parent link:Ядерная энергетика: технология, безопасность, экология, экономика, управление.— 2010.— [С. 253-255]
Autor principal: Жидков А. В.
Altres autors: Шляпников С. Е.
Sumari:Заглавие с экрана.
Электронная версия печатной публикации
Idioma:rus
Publicat: 2010
Matèries:
Accés en línia:http://www.lib.tpu.ru/fulltext/v/Conferences/2010/K03/03123.pdf
Format: MixedMaterials Electrònic Capítol de llibre
KOHA link:https://koha.lib.tpu.ru/cgi-bin/koha/opac-detail.pl?biblionumber=208208

MARC

LEADER 00000naa2a2200000 4500
001 208208
005 20260218141829.0
035 |a (RuTPU)RU\TPU\book\227278 
035 |a RU\TPU\book\227210 
090 |a 208208 
100 |a 20120201d2010 k y0rusy50 ca 
101 0 |a rus 
102 |a RU 
135 |a drnn ---uucaa 
181 0 |a i  
182 0 |a b 
200 1 |a Проблема социологического сопровождения подготовки кадров для ядерной отрасли  |f А. В. Жидков, С. Е. Шляпников 
203 |a Текст  |c электронный 
215 |a 1 файл ( 471 Кб) 
300 |a Заглавие с экрана. 
300 |a Электронная версия печатной публикации 
337 |a Adobe Reader 
463 1 |0 (RuTPU)RU\TPU\book\224752  |t Ядерная энергетика: технология, безопасность, экология, экономика, управление  |o сборник научных трудов I Всероссийской научно-практической конференции молодых атомщиков Сибири, Томск, 19-25 сентября 2010 г.  |f Национальный исследовательский Томский политехнический университет (ТПУ)  |v [С. 253-255]  |d 2010 
610 1 |a рынок труда 
610 1 |a подготовка кадров 
610 1 |a ядерная энергетика 
610 1 |a атомная промышленность 
610 1 |a социология 
610 1 |a электронный ресурс 
700 1 |a Жидков  |b А. В. 
701 1 |a Шляпников  |b С. Е. 
801 2 |a RU  |b 63413507  |c 20120424  |g RCR 
856 4 |u http://www.lib.tpu.ru/fulltext/v/Conferences/2010/K03/03123.pdf 
942 |c CF